00476nam a2200145 4500020001500000040000800015082002600023100002400049245004400073260002800117300004800145490001700193500006400210500005600274 a4805302763 cDLC a952 TUT 1971 A101 Or.1 aHall, John Whitney,10aJapan from prehistory to modern times / aTokyo :bTuttle,c1971. axii, 397 p. :bill., maps, ports. ;c19 cm.0 aTut books. H aTranslation from the German of: Das japanische Kaiserreich. aOn cover, title also in Japanese: Nihon no rekishi.